top 10 deadliest reptiles - Statistics

General Stats
  • This quiz has been taken 183 times
  • The average score is 6 of 10
Answer Stats
rank type of animal Answer % Correct
#1 frog poison dart frog
87%
#10 snake black mamba
84%
#4 crocodile saltwater crocodile
77%
#6 lizard komodo dragon
76%
#7 snake eastern diamondback rattlesnake
72%
#5 crocodile nile crocodile
70%
#2 snake inland taiplan
40%
#3 snake australian brown snake
33%
#9 snake fer-de-lance
27%
#8 snake puff adder
26%
No matching quizzes found
Score Distribution
Percent of People with Each Score
Percentile by Number Answered
Your Score History
You have not taken this quiz